Urbanization and Urban India (Record no. 223743)
[ view plain ]
| 000 -LEADER | |
|---|---|
| fixed length control field | 00630nam a22002297a 4500 |
| 005 - DATE AND TIME OF LATEST TRANSACTION | |
| control field | 20220713162234.0 |
| 008 - FIXED-LENGTH DATA ELEMENTS--GENERAL INFORMATION | |
| fixed length control field | 220713b ||||| |||| 00| 0 eng d |
| 040 ## - CATALOGING SOURCE | |
| Transcribing agency | AL |
| 041 ## - LANGUAGE CODE | |
| Language code of text/sound track or separate title | English |
| 082 ## - DEWEY DECIMAL CLASSIFICATION NUMBER | |
| Edition number | 23 |
| Classification number | 301.3640954 |
| Item number | SOVU |
| 100 ## - MAIN ENTRY--PERSONAL NAME | |
| Personal name | N V SOVU |
| 100 ## - MAIN ENTRY--PERSONAL NAME | |
| 9 (RLIN) | 48852 |
| 245 ## - TITLE STATEMENT | |
| Title | Urbanization and Urban India |
| 260 ## - PUBLICATION, DISTRIBUTION, ETC. | |
| Place of publication, distribution, etc. | Bombay |
| Name of publisher, distributor, etc. | Asia Publishing House |
| Date of publication, distribution, etc. | 1966 |
| 300 ## - PHYSICAL DESCRIPTION | |
| Extent | 160 p. |
| Other physical details | HB |
| Dimensions | 25x17 cm. |
| 365 ## - TRADE PRICE | |
| Price amount | ₹22.00 |
| Currency code | ₹ |
| Unit of pricing | ₹22.00 |
| 650 ## - SUBJECT ADDED ENTRY--TOPICAL TERM | |
| Topical term or geographic name entry element | Urbanization |
| 9 (RLIN) | 48853 |
| 650 ## - SUBJECT ADDED ENTRY--TOPICAL TERM | |
| Topical term or geographic name entry element | India |
| 9 (RLIN) | 48854 |
| 650 ## - SUBJECT ADDED ENTRY--TOPICAL TERM | |
| Topical term or geographic name entry element | Social conditions |
| 9 (RLIN) | 48855 |
| 650 ## - SUBJECT ADDED ENTRY--TOPICAL TERM | |
| Topical term or geographic name entry element | City planning |
| 9 (RLIN) | 48856 |
| 700 ## - ADDED ENTRY--PERSONAL NAME | |
| Personal name | SOVANI (N V) |
| 9 (RLIN) | 48857 |
| 942 ## - ADDED ENTRY ELEMENTS (KOHA) | |
| Source of classification or shelving scheme | Dewey Decimal Classification |
| Koha item type | George Fernandes Collections |
| Withdrawn status | Lost status | Source of classification or shelving scheme | Damaged status | Not for loan | Collection code | Home library | Current library | Date acquired | Total Checkouts | Full call number | Barcode | Date last seen | Price effective from | Koha item type |
|---|---|---|---|---|---|---|---|---|---|---|---|---|---|---|
| Dewey Decimal Classification | Sociology | St Aloysius Library | St Aloysius Library | 03/23/2013 | 301.3640954 SOVU | GF01187 | 07/13/2022 | 07/13/2022 | George Fernandes Collections |